LEADER 01580nam a2200289 4500 001 000000355572 003 CaOOAMICUS 005 20231003105937.0 008 231003s1746 it a 000 u ita r 026 $eo-e, i-u- e.ad mona (3) 1746 (R) 040 $aSeMil$bita 100 11$aBandini, Angelo Maria,$d<1726-1803>.$0(OLS)http://semarc/name/75994 245 10$aAng. Mar. Bandini In antiquam tabulam eburneam sacra quaedam D. N. Iesu Christi mysteria anaglypho opere exhibentem observationes. 264 1$aFlorentiae :$bEx Typographio ad insigne Apollinis in Platea S. C. M.,$c1746. 300 $aXII, 42, [2] p., [2] carte di tav. :$bill. ;$c4° 500 $aFregi, testate xilogr. 500 $aIniz. calcogr. ornata 500 $aMarca calcogr. sul front. stampato in rosso e nero 500 $aA c. ?1r occhietto: Ang. Mar. Bandini In tabulam eburneam observationes 500 $aSegn.: ?? A-D? E? 710 0 $aAll'Apollo$b.$0(OLS)http://semarc/name/118384 850 $aSeMil 852 $aSeMil$W1$xVenegono$y1$m5D VII 11 FA$j243619$B246827$CSeMilBibl$Z2$F246827 $8I 856 42$uhttp://books.google.it/books?id=6j6c-G731XYC&printsec=frontcover&hl=it&source=gbs_ge_summary_r&cad=0#v=onepage&q&f=false 996 $6245$aAng. Mar. Bandini In antiquam tabulam eburneam sacra quaedam D. N. Iesu Christi mysteria anaglypho opere exhibentem observationes$9(OLS)http://semarc/title/445791 996 $6264$aFlorentiae :$bEx Typographio ad insigne Apollinis in Platea S. C. M.$9(OLS)http://semarc/publisher/61296 LEADER 01432nam a2200301 i 4500 001 000000179135 003 CaOOAMICUS 005 20090504000000.0 008 090504s2009 it u000 u ita u 013 $a156711 020 $a978-88-514-0650-9 040 $aSeMil$bita 100 1 $aMartini, Carlo Maria,$c.$0(OLS)http://semarc/name/89159 245 10$aPrendete il largo! :$bEucaristia e dinamismo ecclesiale /$cCarlo Maria Martini ; con opere di Francesco Radaelli ; scelta e adattamento dei testi a cura di Giuseppe Bettoni. 260 $aMilano :$bÀncora,$c2009. 300 $a144 p. :$bill. ;$c21 cm. 490 0 $aTra arte e teologia 650 4$aEucaristia - Meditazioni.$0(OLS)http://semarc/subject/1553 650 4$aEucaristia.$0(OLS)http://semarc/subject/3487 700 1 $aRadaelli, Francesco.$0(OLS)http://semarc/name/47209 700 1 $aBettoni, Giuseppe,$c.$0(OLS)http://semarc/name/49935 830 0$aTra arte e teologia.$0(OLS)http://semarc/title/10624 850 $aSeMil 852 $aSeMil$W1$xVenegono$y1$m2F II 530$j129900$B129900$CSeMilBibl$Z2$F142151 $81 961 $aOmaggio: Caspani don Pierpaolo 996 $6020$a978-88-514-0650-9$9(OLS)http://semarc/number/168254 996 $6245$aPrendete il largo! :$bEucaristia e dinamismo ecclesiale$9(OLS)http://semarc/title/257241 996 $6260$aMilano :$bÀncora$9(OLS)http://semarc/publisher/29763